Donaldsons retail spotlight (Record no. 105618)
[ view plain ]
| 000 -LEADER | |
|---|---|
| fixed length control field | 01313cam a2200241 4500 |
| 001 - CONTROL NUMBER | |
| control field | ##L134260 |
| 008 - FIXED-LENGTH DATA ELEMENTS--GENERAL INFORMATION | |
| fixed length control field | 060720n2006 000 0 eng u |
| 035 ## - SYSTEM CONTROL NUMBER | |
| System control number | (Sirsi) u134260 |
| 041 0# - LANGUAGE CODE | |
| Language code of text/sound track or separate title | eng |
| 050 04 - LIBRARY OF CONGRESS CALL NUMBER | |
| Classification number | 333.33 $2 18 |
| 110 2# - MAIN ENTRY--CORPORATE NAME | |
| Corporate name or jurisdiction name as entry element | Donaldsons |
| 9 (RLIN) | 3333 |
| 245 00 - TITLE STATEMENT | |
| Title | Donaldsons retail spotlight |
| Remainder of title | first quarter 2006 |
| 260 ## - PUBLICATION, DISTRIBUTION, ETC. | |
| Place of publication, distribution, etc. | London |
| Name of publisher, distributor, etc. | Donaldsons |
| Date of publication, distribution, etc. | 2006 |
| 490 #0 - SERIES STATEMENT | |
| Series statement | Donaldsons Retail Spotlight |
| 505 2# - FORMATTED CONTENTS NOTE | |
| Formatted contents note | High street shops, the research -- Market comment -- Retail warehouses, the research -- Market comment -- Shopping centres, the research -- Market comment -- Ten years on |
| 520 ## - SUMMARY, ETC. | |
| Summary, etc. | Reports the latest retail performance and trends based on IPD monthly index statistics. The pace of yield reduction was maintained among retail warehouses and centres, but eased for shops. Prime retail warehousing continued to show powerful capital value increases. Shop and centre rental growth rates kept up, while retail warehouse rent growth faded. Record disposals led to a two-year low in net investment. Tables and graphs. |
| 590 ## - LOCAL NOTE (RLIN) | |
| Local note | IKA010806 |
| 650 24 - SUBJECT ADDED ENTRY--TOPICAL TERM | |
| Topical term or geographic name entry element | DONALDSONS RETAIL SPOTLIGHT |
| 651 #4 - SUBJECT ADDED ENTRY--GEOGRAPHIC NAME | |
| Geographic name | United Kingdom |
| Chronological subdivision | |
| 690 ## - LOCAL SUBJECT ADDED ENTRY--TOPICAL TERM (OCLC, RLIN) | |
| Topical term or geographic name as entry element | PROPERTY-COMMERCIAL PROPERTY-RETAIL PROPERTY |
| 856 40 - ELECTRONIC LOCATION AND ACCESS | |
| Uniform Resource Identifier | <a href="https://www.donaldsons.co.uk/">https://www.donaldsons.co.uk/</a> |
| Public note | View the item free of charge at www.donaldsons.co.uk... |
| 942 ## - ADDED ENTRY ELEMENTS (KOHA) | |
| Suppress in OPAC | 0 |
| Withdrawn status | Lost status | Source of classification or shelving scheme | Damaged status | Not for loan | Home library | Current library | Shelving location | Date acquired | Total Checkouts | Full call number | Barcode | Date last seen | Copy number | Price effective from | Koha item type |
|---|---|---|---|---|---|---|---|---|---|---|---|---|---|---|---|
| Dewey Decimal Classification | Virtual | Virtual | Online | 20/07/2006 | ONLINE PUBLICATION | 134260-1001 | 06/08/2019 | 1 | 06/08/2019 | Book |